جادو ناتھ سرکار : (Record no. 107936)
[ view plain ]
| 000 -LEADER | |
|---|---|
| fixed length control field | 01076nam a22002657a 4500 |
| 005 - DATE AND TIME OF LATEST TRANSACTION | |
| control field | 20170123162333.0 |
| 010 ## - LIBRARY OF CONGRESS CONTROL NUMBER | |
| LC control number | A-842603 |
| 020 ## - INTERNATIONAL STANDARD BOOK NUMBER | |
| Terms of availability | 15.00 |
| International Standard Book Number | 817201418 |
| 035 ## - SYSTEM CONTROL NUMBER | |
| System control number | A-842603 |
| 037 ## - SOURCE OF ACQUISITION | |
| Source of stock number/acquisition | Cen Lib/Ret |
| 040 ## - CATALOGING SOURCE | |
| Original cataloging agency | DPL |
| Language of cataloging | UR |
| 082 ## - DEWEY DECIMAL CLASSIFICATION NUMBER | |
| Classification number | 841.8 |
| Item number | س ر ک |
| 100 ## - MAIN ENTRY--PERSONAL NAME | |
| Personal name | انل چند بنرجی |
| 9 (RLIN) | 122697 |
| 245 ## - TITLE STATEMENT | |
| Title | جادو ناتھ سرکار : |
| Statement of responsibility, etc | انل چند بنرجی ؛ مرتجم اقبال کرشن |
| Remainder of title | ہندوستانی ادب کے معمار / |
| 246 ## - VARYING FORM OF TITLE | |
| Title proper/short title | Jadunath Sarkar : hindustani adab ke muammar / |
| Remainder of title | by Anil Chand Benarji ; traslated by Iqbaal Krishan |
| 260 ## - PUBLICATION, DISTRIBUTION, ETC. (IMPRINT) | |
| Name of publisher, distributor, etc | ساہتیہ اکادمی |
| Date of publication, distribution, etc | 1993 |
| Place of publication, distribution, etc | نیی دہلی |
| 270 ## - ADDRESS | |
| City | نیی دہلی |
| Address | رویندرا بھون ٣٥، فیروز شاہ مارگ |
| Postal code | 110001 |
| 300 ## - PHYSICAL DESCRIPTION | |
| Extent | 104p. |
| Dimensions | 21cm(Hb) |
| 650 ## - SUBJECT ADDED ENTRY--TOPICAL TERM | |
| Topical term or geographic name as entry element | ادب -- انگلش |
| 9 (RLIN) | 122698 |
| 650 ## - SUBJECT ADDED ENTRY--TOPICAL TERM | |
| Topical term or geographic name as entry element | انگلش سوانے عمری |
| 9 (RLIN) | 122699 |
| 650 ## - SUBJECT ADDED ENTRY--TOPICAL TERM | |
| Topical term or geographic name as entry element | Literature -- English |
| 9 (RLIN) | 32150 |
| 650 ## - SUBJECT ADDED ENTRY--TOPICAL TERM | |
| Topical term or geographic name as entry element | English biography |
| 9 (RLIN) | 97891 |
| 700 ## - ADDED ENTRY--PERSONAL NAME | |
| Personal name | اقبال کرشن |
| 9 (RLIN) | 122700 |
| 942 ## - ADDED ENTRY ELEMENTS (KOHA) | |
| Source of classification or shelving scheme | Dewey Decimal Classification |
| Koha item type | Urdu Bks |
| Classification part | 841.8 |
| Call number suffix | س ر ک |
| Withdrawn status | Lost status | Damaged status | Not for loan | Home library | Current library | Date acquired | Source of acquisition | Cost, normal purchase price | Total Checkouts | Full call number | Barcode | Date last seen | Copy number | Cost, replacement price | Price effective from | Koha item type |
|---|---|---|---|---|---|---|---|---|---|---|---|---|---|---|---|---|
| Central Library | Central Library | 13/01/2016 | Cen Lib/Ret | 15.00 | 841.8 س ر ک | A-842603 | 13/01/2016 | 1 | 15.00 | 13/01/2016 | Urdu Bks |
